Statistics for Naruto Characters

Click here to take the quiz!

General Stats

  • This quiz has been taken 57 times
  • The average score is 44 of 116

Answer Stats

HintAnswer% Correct
1Naruto Uzumaki
93%
2Sasuke Uchiha
87%
3Sakura Haruno
84%
4Kakashi Hatake
82%
57 | 58A
78%
26Itachi Uchiha
73%
6Choji Akimichi
67%
8Hinata Hyuga
67%
7Ino Yamanaka
67%
14Neji Hyuga
67%
5Shikamaru Nara
67%
27Obito Uchiha
64%
13Rock Lee
64%
23Kushina Uzumaki
62%
28Madara Uchiha
62%
18Hashirama Senju
60%
20Hiruzen Sarutobi
60%
43Karin Uzumaki
60%
11Shino Aburame
60%
19Tobirama Senju
60%
21Minato Namikaze
58%
32Nagato Uzumaki
58%
15Tenten
58%
46Jiraiya
56%
9Kiba Inuzuka
56%
40Orochimaru
56%
22Tsunade
56%
83Fugaku Uchiha
53%
16Might Guy
53%
64Gaara
51%
29Shisui Uchiha
51%
37Deidara
49%
100Inoichi Yamanaka
49%
38Kakuzu
49%
44Sai
49%
36Sasori
49%
102Shikaku Nara
49%
17Yamato
49%
31Zetsu
49%
39Hidan
47%
34Konan
47%
101Choza Akimichi
44%
66Kankuro
44%
65Temari
44%
86Hanabi Hyuga
42%
56Killer Bee
42%
12Kurenai Yuhi
42%
10Akamaru
40%
88Hiashi Hyuga
40%
71Kabuto
40%
49Kurama
40%
33Pain
40%
55Han
38%
94Hizashi Hyuga
38%
79Konohamaru
38%
68Darui
36%
73Iruka
36%
104Izumi Uchiha
36%
25Haku
33%
87Hazuki Uchiha
33%
90Hikaku Uchiha
33%
99Kagen Uchiha
33%
61Kaguya Otsutsuki
33%
59Mei Terumi
33%
115Naori Uchiha
33%
41Jugo
31%
30Kisame Hoshigaki
31%
50Utakata
31%
35Yahiko
31%
51Fuu
29%
95Hoheto Hyuga
29%
103Iroha Hyuga
29%
110Mirai Sarutobi
29%
113Mu
29%
48Shukaku
29%
76Ao
27%
67Chiyo
27%
82Hagoromo Otsutsuki
27%
108Kohan Yamanaka
27%
42Suigetsu Hozuki
27%
74Chojuro
24%
72Danzo Shimura
24%
78Ebisu
24%
105Makaro Akimichi
24%
107Mebuki Haruno
24%
52Roshi
24%
47Son Goku
24%
53Yagura
24%
89Gaku Inuzuka
22%
85Hamura Otsutsuki
22%
109Menma Namikaze
20%
62Momoshiki Otsutsuki
20%
54Yugito Nii
20%
24Zabuza Momochi
20%
77Asura
18%
63Ishiki Otsutsuki
18%
97Jirobo
18%
106Kinshiki Otsutsuki
18%
45Gamabunta
16%
92Kimimaro
16%
69Ginkaku
13%
70Kinkaku
13%
75Akatsuchi
11%
116Nawaki
11%
81Animal
9%
98Human
9%
112Moegi Kazamatsuri
9%
114Naraka
7%
60Onoki Ishikawa
7%
111Preta
7%
80Ebizo
4%
84Fukasaku
4%
91Gamamaru
4%
93Hiruko
4%
96Jigen
4%

Score Distribution

Percentile by Number Answered

Percent of People with Each Score

Your Score History

You have not taken this quiz